The Chainsmokers Songs & Discography - Statistics

General Stats
  • This quiz has been taken 287 times
    165 since last reset
  • The average score is 25 of 47
Answer Stats
Year Hint Answer % Correct
2016 ft. Halsey Closer
94%
2016 ft. Daya Don't Let Me Down
87%
2017 with Coldplay (M...DNO) Something Just Like This
86%
2015 ft. Rozes Roses
82%
2018 (Sick Boy) Sick Boy
78%
2019 ft. 5 Seconds of Summer Who Do You Love
72%
2017 (M...DNO) Paris
71%
2019 with Illenium ft. Lennon Stella Takeaway
68%
2014 #SELFIE
67%
2016 ft. Phoebe Ryan All We Know
63%
2019 ft. Bebe Rexha Call You Mine
63%
2019 with Kygo Family
62%
2018 ft. Winona Oak (Sick Boy) Hope
60%
2018 ft. Kelsea Ballerini (Sick Boy) This Feeling
60%
2015 ft. Waterbed Waterbed
54%
2018 ft. Drew Love (Sick Boy) Somebody
53%
2018 (Sick Boy) Everybody Hates Me
52%
2019 ft. Blink-182 P.S. I Hope You're Happy
51%
2018 (Sick Boy) Beach House
50%
2014 ft. sirenXX Kanye
50%
2016 ft. XYLØ Setting Fires
50%
2018 with Aazar (Sick Boy) Siren
50%
2017 (M...DNO) The One
50%
2019 ft. Amy Shark The Reaper
49%
2017 (M...DNO) Bloodstream
48%
2019 ft. Ty Dolla $ign & Bülow Do You Mean
48%
2018 ft. Emily Warren (Sick Boy) Side Effects
48%
2018 (Sick Boy) You Owe Me
48%
2019 Push My Luck
47%
2017 (M...DNO) Young
47%
2017 (M...DNO) Break Up Every Night
46%
2017 (M...DNO) Honest
45%
2019 Kills You Slowly
44%
2017 ft. Emily Warren (M...DNO) Don't Say
43%
2017 ft. Florida Georgia Line (M...DNO) Last Day Alive
43%
2015 with Tritonal ft. Emily Warren Until You Were Gone
43%
2019 ft. Sabrina Claudio See the Way
42%
2016 ft. Charlee Inside Out
41%
2018 with NGHTMRE (Sick Boy) Save Yourself
41%
2017 ft. Louane (M...DNO) It Won't Kill Ya
40%
2017 ft. Jhené Aiko (M...DNO) Wake Up Alone
39%
2017 ft. Emily Warren (M...DNO) My Type
38%
2015 New York City
36%
2015 ft. Great Good Fine Ok Let You Go
35%
2015 ft. BullySongs Good Intentions
32%
2012 ft. Priyanka Chopra Erase
30%
2013 The Rookie
30%
No matching quizzes found
Score Distribution
Percent of People with Each Score
Percentile by Number Answered
Your Score History
You have not taken this quiz since the last reset